Plavničanka A. Štupáková tká moderné koberce na 200-ročných krosnách

Bibliographic Details
Format: Article
Language:Slovak
PhysicalDescription:Fotogr.
Subjects:

MARC

LEADER 00000nab a2200000 a 4500
001 vtls008698994
003 SK-MaSNL
005 20260305033739.0
008 171110 2006 xo w n 000 0 slo
015 |a SLLK2006  |2 sllk 
038 |a SLLK 
040 |a SLLK  |b slo  |c sllk  |e AACR2 
041 0 |a slo 
044 |a xo  |c SK 
080 |a 746.1  |2 1997 
245 0 0 |a Plavničanka A. Štupáková tká moderné koberce na 200-ročných krosnách  |c Text a foto (eo) 
300 |b Fotogr. 
600 1 7 |a Štupáková, Anna  |e tkáčka  |2 sllk  |9 1614625 
650 0 7 |a osobnosti  |2 snkbucl  |9 29820 
650 0 7 |a ľudové remeslá  |x tkanie kobercov  |2 snkbucl  |9 1614626 
650 0 7 |a koberce domáce  |2 SNKPH  |9 892750 
650 0 7 |a tkanie  |2 SNKPH  |9 16177 
651 7 |a Plavnica (Slovensko)  |2 snkbucl  |9 29162 
651 7 |a Stará Ľubovňa (Slovensko : okres)  |2 snkbucl  |9 19196 
773 0 |t Ľubovnianske noviny  |g Roč. XXXII, č. 12 (2006), s. 2 
852 |a SLLK  |b KIS3GCP 
999 |c 3325613  |d 3327543